| 000 | 00586ntm a2200217 a 4500 | ||
|---|---|---|---|
| 999 |
_c1012 _d1012 |
||
| 008 | 191119r20122014ii a|||g |||| 00| 0 eng d | ||
| 020 |
_a9788184953015 _cRs. 199.00 |
||
| 040 |
_aKO _beng |
||
| 041 | 0 | _aeng | |
| 044 | _aii | ||
| 082 | 0 | 4 |
_223 _a510 _bB3204 |
| 100 | 1 | _aBathia, Dhaval | |
| 245 | 1 | 0 |
_aVedic Mathematics made easy / _cDhaval Bathia |
| 260 |
_aMumbai : _bJaico Publishing House , _c2012, reprinted 2014 |
||
| 300 |
_ax, 240 p. ; _c22 cm + _e1 CD-ROM |
||
| 650 | 0 | _aHindu mathematics | |
| 650 | 0 | _aMathematics, Ancient | |
| 904 | _aA_BOSE | ||
| 942 | _cBK | ||